00353nam a2200133Ia 4500008004100000041000800041082001600049100002000065245004500085250001400130260003300144300003100177365001100208240624s9999 xx 000 0 und d aeng a332.041 ARZ aARZAC ENRIQUE R aVALUATION FOR MERGERS BUYOUTS AND RESTRU a(2nd ed.) c2010aNew DelhibWiley India axxi, : 448 : p. : cm. ; 23 cRSb32